Mildly Badly Drawn Countries Drawn From Memory - Statistics

General Stats
  • This quiz has been taken 34 times
    7 since last reset
  • The average score is 17 of 20
Answer Stats
Picture Answer % Correct
Australia
100%
Canada
100%
Iceland
100%
Kazakhstan
100%
Mexico
100%
Nepal
100%
Philippines
100%
Russia
100%
Spain
100%
United Kingdom
100%
Argentina
83%
Bangladesh
83%
Denmark
83%
D. R. Congo
83%
Mozambique
83%
Papua New Guinea
83%
Nigeria
67%
Turkmenistan
67%
Czech Republic
50%
Libya
50%
No matching quizzes found
Score Distribution
Percent of People with Each Score
Percentile by Number Answered
Your Score History
You have not taken this quiz since the last reset